Planetary Adjectives Quiz Stats

 Plays Quiz Updated Feb 20, 2020

     
Support Sporcle.
Go Orange.
Score 0/8 Timer 01:00
1 Play Today
Planet Adjective % Correct
MercuryMercurian
93.3%
MarsMartian
91.2%
VenusVenusian
77.2%
NeptuneNeptunian
77.2%
SaturnSaturnian
74.2%
UranusUranian
66.5%
EarthTerrestrial
44.6%
JupiterJovian
38.1%

From the Vault

MLB All-Stars (1990s)

by ChemicalToilet

Sports 12m
You can see many of these guys now starring in various reality shows.
Remove Ads.
Support Sporcle.
Get the best of Sporcle when you Go Orange. This ad-free experience offers more features, more stats, and more fun while also helping to support Sporcle. Thank you for becoming a member.

Show Comments

Extras

Top Quizzes Today


Score Distribution

Your Account Isn't Verified!

In order to create a playlist on Sporcle, you need to verify the email address you used during registration. Go to your Sporcle Settings to finish the process.

Report this User

Report this user for behavior that violates our Community Guidelines.

Details: